Installations by architects : (Record no. 352753)

000 -LEADER
fixed length control field 00883 a2200253 4500
003 - CONTROL NUMBER IDENTIFIER
control field OSt
005 - DATE AND TIME OF LATEST TRANSACTION
control field 20260203113348.0
008 - FIXED-LENGTH DATA ELEMENTS--GENERAL INFORMATION
fixed length control field 120530t xxu||||| |||| 00| 0 eng d
010 ## - LIBRARY OF CONGRESS CONTROL NUMBER
LC control number 2008055160
020 ## - INTERNATIONAL STANDARD BOOK NUMBER
International Standard Book Number 9781568988504 (alk. paper)
040 ## - CATALOGING SOURCE
Transcribing agency 0
082 00 - DEWEY DECIMAL CLASSIFICATION NUMBER
Classification number 720.922
100 1# - MAIN ENTRY--PERSONAL NAME
Personal name Bonnemaison, Sarah.
9 (RLIN) 33579
245 10 - TITLE STATEMENT
Title Installations by architects :
Remainder of title experiments in building and design /
Statement of responsibility, etc. Sarah Bonnemaison and Ronit Eisenbach.
260 ## - PUBLICATION, DISTRIBUTION, ETC.
Place of publication, distribution, etc. New York :
Name of publisher, distributor, etc. Princeton Architectural Press,
Date of publication, distribution, etc. 2009.
300 ## - PHYSICAL DESCRIPTION
Extent 192 p. :
Other physical details col. ill., maps ;
Dimensions 26 cm.
650 #0 - SUBJECT ADDED ENTRY--TOPICAL TERM
Topical term or geographic name entry element Installations (Art)
9 (RLIN) 33580
650 #0 - SUBJECT ADDED ENTRY--TOPICAL TERM
Topical term or geographic name entry element Architects as artists.
9 (RLIN) 33581
650 #0 - SUBJECT ADDED ENTRY--TOPICAL TERM
Topical term or geographic name entry element Color in nature
9 (RLIN) 33582
650 #0 - SUBJECT ADDED ENTRY--TOPICAL TERM
Topical term or geographic name entry element Public spaces.
9 (RLIN) 26778
700 1# - ADDED ENTRY--PERSONAL NAME
Personal name Eisenbach, Ronit,
Dates associated with a name 1962-
9 (RLIN) 33583
942 ## - ADDED ENTRY ELEMENTS (KOHA)
Institution code [OBSOLETE] SADA
Koha item type Book
Call number prefix 720.922 BON 2009
Source of classification or shelving scheme
Holdings
Withdrawn status Lost status Source of classification or shelving scheme Damaged status Not for loan Permanent Location Current Location Date acquired Total Checkouts Total Renewals Full call number Barcode Date last seen Date last checked out Cost, replacement price Price effective from Koha item type
          School of Art Design and Architecture (SADA) School of Art Design and Architecture (SADA) 04/12/2011 5 2 720.922 BON 2009 SADA0000779 05/22/2012 05/11/2012 2844.00 08/05/2011 Book
© 2023 Central Library, National University of Sciences and Technology. All Rights Reserved.